000
00302nam a2200109Ia 4500
008
220630s9999 xx 000 0 und d
020
_a
799330698
082
_a
AF BERG
100
_a
Bergh, Rene
_9
74722
245
0
_a
Die vrydag voor die troudag
942
_c
BK
_w
561
_x
John Tresidder
_y
296
_z
Phillipina Naude
999
_c
699553
_d
699552